Online
Catalog

Cuentos del Caribe / (Record no. 9379)

MARC details
000 -CABECERA
campo de control de longitud fija 00666cam a2200229 a 4500
001 - NÚMERO DE CONTROL
campo de control 000009619
005 - FECHA Y HORA DE LA ÚLTIMA TRANSACCIÓN
campo de control 20200929161638.0
008 - DATOS DE LONGITUD FIJA--INFORMACIÓN GENERAL
campo de control de longitud fija 760630s1975 ve 000 1 spa
035 ## - NÚMERO DE CONTROL DEL SISTEMA
Número de control de sistema (DLC) 76467488
040 ## - FUENTE DE LA CATALOGACIÓN
Centro catalogador/agencia de origen DO-SdBNP
Centro/agencia transcriptor DLC
Centro/agencia modificador DLC
082 ## - NÚMERO DE LA CLASIFICACIÓN DECIMAL DEWEY
Número de clasificación V863.44
Número de documento/Ítem S875c
049 ## - FONDOS LOCALES (OCLC)
Fondos de biblioteca NBNGR
100 1# - ENTRADA PRINCIPAL--NOMBRE DE PERSONA
Nombre de persona Stolk, Gloria,
Fechas asociadas al nombre 1912-1979.
9 (RLIN) 24472
245 10 - MENCIÓN DE TÍTULO
Título Cuentos del Caribe /
Mención de responsabilidad, etc. Gloria Stolk.
260 ## - PUBLICACIÓN, DISTRIBUCIÓN, ETC.
Lugar de publicación, distribución, etc. Caracas, (Venezuela) :
Nombre del editor, distribuidor, etc. Monte Ávila,
Fecha de publicación, distribución, etc. [1975].
300 ## - DESCRIPCIÓN FÍSICA
Extensión 164 p. ;
Dimensiones 18 cm.
490 1# - MENCIÓN DE SERIE
Mención de serie Continente
650 #4 - PUNTO DE ACCESO ADICIONAL DE MATERIA--TÉRMINO DE MATERIA
Término de materia o nombre geográfico como elemento de entrada Cuentos venezolanos
9 (RLIN) 3815
650 #4 - PUNTO DE ACCESO ADICIONAL DE MATERIA--TÉRMINO DE MATERIA
Término de materia o nombre geográfico como elemento de entrada Literatura venezolana
9 (RLIN) 3816
830 #0 - PUNTO DE ACCESO ADICIONAL DE SERIE-TÍTULO UNIFORME
Título uniforme Continente.
9 (RLIN) 5070
910 ## - DATOS DE OPCIÓN DEL USUARIO (OCLC)
Datos de opción del usuario Catalogación por copia / LC
Holdings
Estado de retiro Estado de pérdida Restricciones de uso No para préstamo Código de colección Localización permanente Ubicación/localización actual Ubicación en estantería Fecha de adquisición Número de inventario Total de préstamos Signatura topográfica completa Código de barras Fecha visto por última vez Precio válido a partir de Tipo de ítem Koha
    Préstamo interno   Monografías: Libros y Folletos General General En catalogación 30.09.2009 LF1   V863.44 S875c 9619-10 25.06.2020 25.06.2020 Préstamo interno

Powered by Koha